Régions d’Italie - Mort subite - Statistiques

Statistiques générales
  • Ce quiz a été pris 1 210 fois
  • Le résultat moyen est 10 sur 20
Answers on the Grid
Answers color-coded by a green-red scale on the quiz's grid according to % correct below.
Sicile
Sardaigne
Toscane
Lombardie
Piémont
Vallée d’Aoste
Pouilles
Vénétie
Latium
Émilie-Romagne
Calabre
Ligurie
Trentin-Haut-Adige
Abruzzes
Ombrie
Campanie
Frioul-Vénétie julienne
Marche
Basilicate
Molise
Naples
Salerne
Mont Athos
Saint-Marin
Istrie
Tyrol du Sud
Tessin
Grisons
Gênes
Alexandrie
Modène
Lucques
Fiume
Capodistria
Dalmatie
Raguse
Savoie
Verbano-Cusio-Ossola
Padanie
 
Statistiques - réponses
Réponse % Correct
Toscane
68%
Lombardie
67%
Piémont
66%
Sardaigne
66%
Sicile
65%
Pouilles
60%
Émilie-Romagne
56%
Calabre
55%
Vénétie
55%
Ligurie
49%
Latium
48%
Vallée d’Aoste
48%
Campanie
46%
Abruzzes
45%
Ombrie
43%
Frioul-Vénétie julienne
37%
Trentin-Haut-Adige
37%
Marche
32%
Basilicate
30%
Molise
27%
Aucun quiz correspondant
Distribution des résultats
% des personnes avec chaque résultat
Percentile par nombre de réponses
Votre historique - résultats
Vous n’avez pas pris ce quiz